| 000 | 00712nam a2200193 4500 | ||
|---|---|---|---|
| 001 | 131287 | ||
| 003 | ES-MaACL | ||
| 005 | 20250806044424.0 | ||
| 007 | t| | ||
| 008 | 070214s1905 sp r ||||1| spa d | ||
| 100 | 1 |
_aRodríguez Vilallonga, Antonio Gabriel, _d1858-1936 _998858 |
|
| 245 | 1 | 0 |
_aManual de clases pasivas civiles / _cAntonio Gabriel Rodríguez, Ricardo del Rivero Iglesias ; prólogo de Angel Urzáiz. |
| 260 |
_aMadrid : _b[s.n.], _c1905 ( _fImp. de los hijos de M. G. Hernández) |
||
| 300 |
_a410 p. ; _c25 cm. |
||
| 700 | 1 |
_aRivero Iglesias, Ricardo del, _d1869-1937 _997702 |
|
| 700 | 1 |
_aUrzáiz y Cuesta, Angel. _9112285 |
|
| 852 |
_aES-MaACL _jF-11075 |
||
| 999 |
_c131287 _d131287 |
||